000 00542nam a2200205Ia 4500
005 20250923144410.0
008 008 250917s9999 xx 000 0 eng d
037 _aTextual
040 _aDSWL
_beng
_cDSWL
041 _aeng
_2eng
084 _aY1, I0
_qDSWL
100 _aLowie, Robert H.
_9824494
245 0 _aSocial organisation
_cby Robert H. Lowie
260 _aLondon
_bR& K.P
_c1950
300 _a465 p.
365 _aINR
_b0.25
925 _g0.25
942 _cTEXL
_hY1, I0
999 _c1438361
_d1438361